Brazil : 2017 Article IV Consultation-Press Release; Staff Report; and Statement by the Executive Director for Brazil.

This 2017 Article IV Consultation highlights that Brazil's deep recession appears close to an end. The recession, triggered by large macroeconomic imbalances and a loss of confidence, was exacerbated by declining terms of trade, tight financing conditions, and a political crisis. Growth is proj...

وصف كامل

التفاصيل البيبلوغرافية
مؤلف مشترك: International Monetary Fund. Western Hemisphere Dept
التنسيق: دورية
اللغة:English
منشور في: Washington, D.C. : International Monetary Fund, 2017.
سلاسل:IMF Staff Country Reports; Country Report ; No. 2017/215
الوصول للمادة أونلاين:Full text available on IMF
LEADER 01884cas a2200241 a 4500
001 AALejournalIMF017803
008 230101c9999 xx r poo 0 0eng d
020 |c 5.00 USD 
020 |z 9781484309896 
022 |a 1934-7685 
040 |a BD-DhAAL  |c BD-DhAAL 
110 2 |a International Monetary Fund.  |b Western Hemisphere Dept. 
245 1 0 |a Brazil :   |b 2017 Article IV Consultation-Press Release; Staff Report; and Statement by the Executive Director for Brazil. 
264 1 |a Washington, D.C. :  |b International Monetary Fund,  |c 2017. 
300 |a 1 online resource (76 pages) 
490 1 |a IMF Staff Country Reports 
500 |a <strong>Off-Campus Access:</strong> No User ID or Password Required 
500 |a <strong>On-Campus Access:</strong> No User ID or Password Required 
506 |a Electronic access restricted to authorized BRAC University faculty, staff and students 
520 3 |a This 2017 Article IV Consultation highlights that Brazil's deep recession appears close to an end. The recession, triggered by large macroeconomic imbalances and a loss of confidence, was exacerbated by declining terms of trade, tight financing conditions, and a political crisis. Growth is projected to be 0.3 percent in 2017 and 1.3 percent in 2018, moving toward 2 percent in the medium term. Inflation is projected to undershoot its central target of 4.5 percent in 2017 and 2018. The forecast assumes that a sufficiently strong set of measures are put in place to ensure fiscal sustainability. Political instability and spillovers from the corruption investigation are major sources of risk that could threaten the reform agenda and the recovery. 
538 |a Mode of access: Internet 
830 0 |a IMF Staff Country Reports; Country Report ;  |v No. 2017/215 
856 4 0 |z Full text available on IMF  |u http://elibrary.imf.org/view/journals/002/2017/215/002.2017.issue-215-en.xml  |z IMF e-Library